书目信息 |
| 题名: |
人类遗传学
|
|
| 作者: | 程罗根 主编 | |
| 分册: | ||
| 出版信息: | 南京 南京师范大学出版社 2005 |
|
| 页数: | 370页 | |
| 开本: | 23cm | |
| 丛书名: | ||
| 单 册: | ||
| 中图分类: | Q987 | |
| 科图分类: | ||
| 主题词: | 人类遗传学--高等学校--教材 | |
| 电子资源: | ||
| ISBN: | 7-81101-384-3 | |
| 000 | 00792nam0 2200229 450 | |
| 001 | 1535056864 | |
| 005 | 20150117094453.28 | |
| 010 | @a7-81101-384-3@dCNY36.00 | |
| 100 | @a20060124d2005 em y0chiy50 ea | |
| 101 | 0 | @achi |
| 102 | @aCN@b320000 | |
| 105 | @aa z 000yy | |
| 200 | 1 | @a人类遗传学@9ren lei yi chuan xue@f程罗根主编 |
| 210 | @a南京@c南京师范大学出版社@d2005 | |
| 215 | @a370页@c图@d23cm | |
| 300 | @a南京师范大学出版资助金资助出版 高等学校教材 | |
| 330 | @a本书共分15章,从人类的生殖细胞、染色体和染色体畸变、基因组织的结构与基因组作图、肿瘤与遗传、优生与优育等领域对人类的遗传现象和规律进行了系统的介绍。 | |
| 606 | 0 | @a人类遗传学@x高等学校@x教材 |
| 690 | @aQ987@v5 | |
| 701 | 0 | @a程罗根@9cheng luo gen@4主编 |
| 801 | 0 | @aCN@bTSSF@c20150117 |
| 905 | @aZUCC@dQ987@eJY7 | |
| 人类遗传学/程罗根主编.-南京:南京师范大学出版社,2005 |
| 370页:图;23cm |
| 南京师范大学出版资助金资助出版 高等学校教材 |
| ISBN 7-81101-384-3:CNY36.00 |
| 本书共分15章,从人类的生殖细胞、染色体和染色体畸变、基因组织的结构与基因组作图、肿瘤与遗传、优生与优育等领域对人类的遗传现象和规律进行了系统的介绍。 |
| ● |
| 相关链接 |
|
|
|
|
正题名:人类遗传学
索取号:Q987/JY7
 
预约/预借
| 序号 | 登录号 | 条形码 | 馆藏地/架位号 | 状态 | 备注 |
| 1 | 7851490 | 278514902 | 学院路分馆/ [索取号:Q987/JY7] | 在馆 | |
| 2 | 7851491 | 278514911 | 学院路分馆/ [索取号:Q987/JY7] | 在馆 |